Programovací jazyk PASCAL učební texty dálkového kursu

Bibliographic Details
Main Authors: Laga, Josef (Author), Ježowicz, Eduard (Author)
Format: Book
Language:Czech
PhysicalDescription:198, [1] s. 8°
Published: Praha Dům techn. ČSVTS 1987
Edition:2. vyd.
Subjects:

MARC

LEADER 00000nam a2200000 a 4500
001 vtls001361232
003 SK-MaSNL
005 20260301201054.0
008 240314s1987 xr 0 cze
035 |a SNK000314808 
040 |a SNK  |b slo  |c SNK  |e AACR2 
041 0 |a cze 
044 |a CZ 
080 |a 519.682 PASCAL(075.9)  |2 1981 
100 1 |a Laga, Josef  |4 aut  |9 523861 
245 1 0 |a Programovací jazyk PASCAL  |b učební texty dálkového kursu  |c zprac.: Josef Laga, Eduard Ježowicz 
250 |a 2. vyd. 
260 |a Praha  |b Dům techn. ČSVTS  |c 1987 
300 |a 198, [1] s.  |c 8° 
500 |a Popis z tir. Na tit. liste názov PASCAL 
650 0 7 |a programovacie jazyky  |2 SNKPH  |9 1838 
650 0 7 |a Pascal (programovací jazyk)  |2 SNKPH  |9 67950 
655 7 |a učebnice  |2 SNKPH  |9 22521 
700 1 |a Ježowicz, Eduard  |4 aut  |9 535625 
958 |a RK 
958 |a OND 
999 |c 893259  |d 895189 
952 |t P60, <04>, [BOOK], {604}  |a SNK  |b SNK  |y VYP  |7 0  |p 17A0294649  |o snkID 87717 D1  |i snkKIP 9056/88  |0 0  |1 1  |4 0  |d 1999-04-22  |l 0  |r 2005-01-02 00:00:00  |w 2026-02-24 
952 |t P60, <04>, [BOOK], {604}  |a SNK  |b SNK  |y VYP  |7 0  |p 17A0360004  |o snkID 87717  |i snkKIP 9055/88  |0 0  |1 0  |4 0  |d 1999-04-22  |l 0  |r 2005-01-02 00:00:00  |w 2026-02-24